Tribhuvan University Central Library

Advancing differentiation; thinking and learning for the 21st century (Record no. 83885)

MARC details
000 -LEADER
fixed length control field 00605nam a22001937a 4500
008 - FIXED-LENGTH DATA ELEMENTS--GENERAL INFORMATION
fixed length control field 181121b xxu||||| |||| 00| 0 eng d
020 ## - INTERNATIONAL STANDARD BOOK NUMBER
International Standard Book Number 978-1-57542-357-9
082 ## - DEWEY DECIMAL CLASSIFICATION NUMBER
Classification number 371.394/C268a
100 ## - MAIN ENTRY--PERSONAL NAME
Personal name Cash, Richard M.
245 ## - TITLE STATEMENT
Title Advancing differentiation; thinking and learning for the 21st century
260 ## - PUBLICATION, DISTRIBUTION, ETC.
Place of publication, distribution, etc. Minneapolis:
Name of publisher, distributor, etc. Free Spirit Publishing,
Date of publication, distribution, etc. 2010.
300 ## - PHYSICAL DESCRIPTION
Extent xi, 196p.illus.
504 ## - BIBLIOGRAPHY, ETC. NOTE
Bibliography, etc. note Bibliography: p.183-185
650 ## - SUBJECT ADDED ENTRY--TOPICAL TERM
Topical term or geographic name entry element Special education
9 (RLIN) 5883
650 ## - SUBJECT ADDED ENTRY--TOPICAL TERM
Topical term or geographic name entry element Individualized instructiiion
650 ## - SUBJECT ADDED ENTRY--TOPICAL TERM
Topical term or geographic name entry element Curriculum
650 ## - SUBJECT ADDED ENTRY--TOPICAL TERM
Topical term or geographic name entry element Thought and thinking
9 (RLIN) 6157
942 ## - ADDED ENTRY ELEMENTS (KOHA)
Source of classification or shelving scheme Dewey Decimal Classification
Koha item type General Collections
Holdings
Withdrawn status Lost status Source of classification or shelving scheme Damaged status Not for loan Home library Current library Shelving location Date acquired Total Checkouts Full call number Barcode Date last seen Price effective from Koha item type
    Dewey Decimal Classification     Tribhuvan University Central Library Tribhuvan University Central Library New Building 11/21/2018   371.394/C268a G80376 11/21/2018 11/21/2018 General Collections